Missing Word: This, That And The Other - Music Quiz Stats

Quiz Updated Nov 10, 2014

Challenge
Share
Tweet
Embed
Score 0/20 Timer 03:00
0 Plays Today
word Missing Word % Correct
ThatFunky
91.7%
ThisWalk
90.5%
AndJets
85.3%
ThatWant
84.5%
ThisHeart
82.4%
AndWinding
81.1%
ThisMoment
76.2%
AndDiane
71.3%
ThisFight
67.7%
ThatSomebody
66.7%
word Missing Word % Correct
ThisBorn
65.5%
AndSearch
59.9%
The OtherBreak
53.9%
ThatTalk
53.8%
The OtherHand
53.8%
AndJustice
45.8%
The OtherSide
41.8%
The OtherWoman
38.5%
ThatCrank
31%
The OtherDoor
13.8%

Today's Daily Dose

You're not logged in!

Compare scores with friends on all Sporcle quizzes.
Sign Up with Email
OR
Log In

You Might Also Like...

Show Comments

Extras

Top Quizzes Today


Score Distribution

Your Account Isn't Verified!

In order to create a playlist on Sporcle, you need to verify the email address you used during registration. Go to your Sporcle Settings to finish the process.